| 000 | 00594nam a22002177a 4500 | ||
|---|---|---|---|
| 005 | 20170124105940.0 | ||
| 010 | _a711125 | ||
| 020 | _c00.00 | ||
| 035 | _a711125 | ||
| 037 | _bCen Lib/Ret | ||
| 040 |
_aDPL _bEN |
||
| 082 |
_a230.35 _bBAN |
||
| 100 |
_aBanerjee, Shyamananda _910959 |
||
| 245 |
_aA mustic sage ma anandamayi / _cby Shyamananda Banerjee |
||
| 260 |
_aCalcutta _bFirma K.L. Mukhopadhyay _c1973 |
||
| 270 | _bCalcutta | ||
| 300 |
_axix, 217p. _c19cm(Hb) |
||
| 650 |
_aMysticism _910960 |
||
| 650 |
_aSadhna _910961 |
||
| 942 |
_2ddc _cEN _h230.35 _mBAN |
||
| 999 |
_c124498 _d124498 |
||